| 000 | 00371nam a22001337a 4500 | ||
|---|---|---|---|
| 008 | 251005b |||||||| |||| 00| 0 eng d | ||
| 022 | _a24554197 | ||
| 041 | _aEng | ||
| 245 | _aInternational Journal of Academic Research and Development | ||
| 260 |
_aDelhi _bRoyal Publication _c2025 |
||
| 300 | _a47;. P. | ||
| 856 | _uhttps://www.allreviewjournal.com/ | ||
| 942 |
_cSR _s1 |
||
| 999 |
_c46505 _d46505 |
||